|
|
|
|
| LEADER |
00676nam a2200253 a 4500 |
| 001 |
adlib96000001 |
| 003 |
ViArRB |
| 005 |
20151026131659.0 |
| 008 |
960221s1955 dcuabcdjdbkoqu001 0deng d |
| 020 |
|
|
|a 0-06-250196-8
|
| 022 |
|
|
|
| 040 |
|
|
|a Adlib
|
| 082 |
|
|
|a 297.18
|
| 245 |
|
|
|a Essential Koran: The heart of Islamn
|
| 250 |
|
|
|
| 260 |
|
|
|a New Delhi
|b Harpercollins
|c 1993
|
| 300 |
|
|
|a vii, 203p.
|
| 500 |
|
|
|a
|
| 100 |
|
|
|a Cleary, Thomas
|e Translator
|
| 700 |
|
|
|
| 942 |
|
|
|c BK
|6 _
|
| 653 |
|
|
|a Islam-Religion
|a Koran, religion
|
| 999 |
|
|
|c 32819
|d 32819
|
| 952 |
|
|
|0 0
|1 0
|4 0
|6 29718_KOR
|7 0
|9 44465
|a UL
|b UL
|d 2010-06-16
|o 297.18 KOR
|p G0007480
|r 2013-03-23
|w 2010-06-16
|y BK
|